00248 a2200097 4500001000700000040003500007100002000042240004200062245003700104362000900141154481 cEscola São Tomás de Aquino aMURRAY, Roseana10aAbecedário poético de frutaslpor10aAbecedário poético de frutas0 a2013